=LDR 00000nam 2200000 4500 =001 INLIS000000000022170 =005 20201229111817 =035 ##$$a 0010-061300000022170 =008 201229################g##########0#ind## =041 ##$$a Ind =082 ##$$a 332.1 =090 ##$$a 332.1, Lat a =100 ##$$a Latumaerissa, Julius R =245 1#$$a Mengenal aspek-aspek operasi bank umum /$c Julius R. Latumaerissa, SE.,M.M. =260 ##$$a Jakarta :$b Bumi Aksara,$c 1999 =300 ##$$a xv, 176 hlm. : $b ilus. ; $c 23 x 16 cm. =650 #4$$a Perbankan =850 ##$$a NBPNMAT =020 ##$$a 979-526-407-9 =084 ##$$a 332.1 LAT m =990 ##$$a 151.881/Pb.2000 =990 ##$$a 151.882/Pb.2000 =990 ##$$a 151.883/Pb.2000 =990 ##$$a 151.881/Pb.2000 =990 ##$$a 151.882/Pb.2000 =990 ##$$a 151.883/Pb.2000